|
|
|
|
| LEADER |
00000nab a2200000 a 4500 |
| 001 |
vtls001508603 |
| 003 |
SK-MaSNL |
| 005 |
20260426062432.0 |
| 008 |
140302s2000 xo 000 0 slo |
| 035 |
|
|
|a SPKCL10930
|
| 040 |
|
|
|a SPKCL
|b slo
|c SNKBUCL
|d ÚIP-SPK(IC)
|e AACR2
|
| 041 |
|
|
|a slo
|
| 044 |
|
|
|a xo
|c SK
|
| 080 |
|
|
|a 376.32:376.352:301.173
|2 1981
|
| 100 |
1 |
|
|a Lopúchová, Jana
|4 aut
|9 13996
|
| 245 |
1 |
0 |
|b Máte v triede zrakovo postihnuté dieťa?
|c Jana Lopúchová
|
| 520 |
|
|
|a Článok je venovaný učiteľkám a učiteľom integrovaných tried bez špeciálnopedagogickej kvalifikácie. Prináša niekoľko praktických rád, ako uľahčiť prácu a výchovu zrakovo postihnutých detí spolu s vidiacimi žiakmi nielen učiteľom, ale aj deťom.
|
| 650 |
0 |
7 |
|a špeciálna pedagogika
|2 SNKPH
|9 958
|
| 650 |
0 |
7 |
|a zrakovo postihnuté osoby
|2 SNKPH
|9 1168
|
| 650 |
0 |
7 |
|a integrácia žiaka
|2 SNKPH
|9 70851
|
| 650 |
0 |
7 |
|a výchova
|2 SNKPH
|9 957
|
| 650 |
0 |
7 |
|a vzdelávanie
|2 SNKPH
|9 4033
|
| 650 |
0 |
7 |
|a učitelia
|2 SNKPH
|9 3995
|
| 773 |
1 |
|
|t Učiteľské noviny
|g Roč. 50, č. 34 (2000) s. 5
|
| 850 |
|
|
|a Slovenská pedagogická knižnica Bratislava
|
| 852 |
|
|
|a SPKCL
|b KIS3GCP
|b 000710000
|n SK
|
| 999 |
|
|
|c 2539321
|d 2541251
|